| 000 | 00559nam a2200181Ia 4500 | ||
|---|---|---|---|
| 008 | 100315s9999 xx 000 0 und d | ||
| 020 | _a0-8144-5494-1 | ||
| 082 |
_b1333 _a658.8 |
||
| 245 | _aMARKETING IN NONPROFIT ORGANISATION | ||
| 260 |
_aERICAN MANAGEMENT ASSOCIATIONS _bAMERICAN MANAGEMENT ASSOCIATIONS _c1978 |
||
| 300 | _a"XIII,302P " | ||
| 365 |
_eAus.Sch. _d1 _b132.18 |
||
| 366 | _f0 | ||
| 530 | _b- | ||
| 630 | _aMARKETING IN NONPROFIT ORGANISATION | ||
| 730 | _aMARKETING IN NONPROFIT ORGANISATION | ||
| 942 | _cBOOK | ||
| 999 |
_c476068 _d476065 |
||